000
00308nam a22001337a 4500
008
170308b xxu||||| |||| 00| 0 eng d
020
_a
87283
041
_a
eng
080
_2
10TH
_a
611
100
_a
6
101
_a
SHM
245
_a
ESSENTIALS OF HUMAN ANATOMY AND PHYSIOLOGY
_c
MARIEB, E.N
942
_2
udc
_c
BK
999
_c
7172
_d
7172